Wiedza bezużyteczna - poziom 1 - Statystyki

Ogólne statystyki
  • Ten quiz został rozwiązany 37 razy
  • Średni wynik to 3 z 12
Statystyki odpowiedzi
# Pytanie Odpowiedź % Poprawnych
1 Jak nazywa się największa wyspa Chorwacji? Krk
63%
2 Hymn jakiego kraju jest najdłuższy - ma 158 zwrotek? Grecji
34%
4 Jakie jest narodowe zwierzę Szkocji? Jednorożec
34%
7 W jakim państwie narodowym kwiatem jest Kimjongilia? (begonia) Korei Północnej
28%
3 Czyje imię nosi Polska Stacja Antarktyczna? Henryka Arctowskiego
25%
5 Co magazynowane jest w przydrożnych kopułach Fitzpatricka? Sól
22%
12 W jakim kraju jednostki podziału administracyjnego I stopnia to muhafazy? Syrii
16%
9 Jak nazywała się Podgorica, kiedy była miastem w SFRJ? Titograd
16%
6 Jak nazywa się smok na fladze Bhutanu? Druk
9%
10 Jak swą narodowość w czasie międzywojennych spisów ludności określali Poleszucy? Tutejsi
9%
8 Jaki kwiat był pierwszym wyhodowanym w kosmosie? Cynia
6%
11 W jakim mieście znajdują się największe organy w Europie i jednocześnie największe organy sakralne na świecie? Pasawie
3%
Nie znaleziono quizów pasujących do podanych kryteriów
Rozkład punktacji
Procent ludzi z każdym wynikiem
Percentyl według liczby udzielonych odpowiedzi
Twoja historia wyników
Nie rozwiązałeś tego quizu